ბათუმის შოთა რუსთაველის სახელმწიფო უნივერსიტეტის ბიბლიოთეკა

ქართველური ლექსიკის ისტორიიდან. I (ბიბ.ჩანაწერი № 40692)

000 -LEADER
fixed length control field 01259nam a2200205Ia 4500
001 - CONTROL NUMBER
control field 7327
003 - CONTROL NUMBER IDENTIFIER
control field GE_BSU
008 - FIXED-LENGTH DATA ELEMENTS--GENERAL INFORMATION
fixed length control field 181216s||||||||xx |||||||||||||| ||und||
040 ## - CATALOGING SOURCE
Transcribing agency GE_BSU
080 ## - UNIVERSAL DECIMAL CLASSIFICATION NUMBER
Universal Decimal Classification number 81(479.22)
100 ## - MAIN ENTRY--PERSONAL NAME
Personal name ჩანტლაძე იზა.
245 ## - TITLE STATEMENT
Title ქართველური ლექსიკის ისტორიიდან. I
245 ## - TITLE STATEMENT
Statement of responsibility, etc. რედ: კევინ ტუიტი, შუშანა ფუტკარაძე, ქეთევან მარგიანი-სუბარი. მთარგმ: ნანა ქავთარაძე.
250 ## - EDITION STATEMENT
Edition statement არნოლდ ჩიქოვანის სახ. ენათმეცნიერების ინ-ტი; თბილისის ილია ჭავჭავაძის სახ. სახ. უნ-ტი; ბათუმის შოთა რუსთაველის სახ. სახ. უნ-ტი; ახალციხის სახ. უნ-ტი.
260 ## - PUBLICATION, DISTRIBUTION, ETC.
Place of publication, distribution, etc. თბილისი; ბათუმი; ახალციხე.
260 ## - PUBLICATION, DISTRIBUTION, ETC.
Date of publication, distribution, etc. 2012.
300 ## - PHYSICAL DESCRIPTION
Extent 327 გვ ; 25 სმ.
653 ## - INDEX TERM--UNCONTROLLED
Uncontrolled term ქართველური ლექსიკის ისტორიიდან. I
942 ## - ADDED ENTRY ELEMENTS (KOHA)
Koha item type წიგნი
ეგზემპლარები
Withdrawn status Lost status Damaged status Not for loan Date acquired Barcode Date last seen Price effective from Koha item type
        2018-12-17 18662 2018-12-17 2018-12-17 წიგნი